[Event "19th Albena Open"]
[Site "Albena BUL"]
[Date "2011.06.30"]
[Round "6.2"]
[White "Nikolov,Mo"]
[Black "Lupulescu,C"]
[Result "1/2-1/2"]
[WhiteElo "2583"]
[BlackElo "2638"]

1.d4 Nf6 2.c4 g6 3.Nc3 d5 4.cxd5 Nxd5 5.e4 Nxc3 6.bxc3 Bg7 7.Be3 c5 8.Rc1 Qa5
9.Qd2 cxd4 10.cxd4 Qxd2+ 11.Kxd2 O-O 12.Bb5 e6 13.Ne2 a6 14.Bd3 Nc6 15.Rc4 Bd7
16.Rhc1 Rac8  1/2-1/2

[Event "TCh-TUR 2011"]
[Site "Konya TUR"]
[Date "2011.06.30"]
[Round "3"]
[White "Erturan,Y"]
[Black "Esen,B"]
[Result "1/2-1/2"]
[WhiteElo "2346"]
[BlackElo "2553"]

1.d4 Nf6 2.c4 g6 3.Nc3 d5 4.cxd5 Nxd5 5.e4 Nxc3 6.bxc3 Bg7 7.Nf3 c5 8.Be3 O-O
9.Qd2 cxd4 10.cxd4 Bg4 11.Be2 Nc6 12.Rd1 Bxf3 13.Bxf3 e5 14.dxe5 Bxe5 15.Qxd8 Rfxd8
16.Ke2 Nd4+ 17.Bxd4 Bxd4 18.Rd2 Bc3 19.Rxd8+ Rxd8 20.Rd1 Rxd1  1/2-1/2

[Event "Krapina Open"]
[Site "Krapina CRO"]
[Date "2011.07.01"]
[Round "2.3"]
[White "Jakolic,Josip"]
[Black "Hamer,I"]
[Result "0-1"]
[WhiteElo "1892"]
[BlackElo "2099"]

1.d4 Nf6 2.c4 g6 3.Nc3 d5 4.cxd5 Nxd5 5.e4 Nxc3 6.bxc3 Bg7 7.Be3 O-O 8.f4 c5
9.Qd2 Qa5 10.Nf3 Nc6 11.Rd1 Be6 12.Ne5 Nxe5 13.fxe5 cxd4 14.cxd4 Qxa2 15.Qxa2 Bxa2
16.Ra1 Bb3 17.Rb1 Bc2 18.Rxb7 e6 19.Rb2 Bxe4 20.Ba6 Rab8 21.Rxb8 Rxb8 22.Kf2 Rb2+
23.Be2 Bd3 24.Re1 a5 25.Kf3 Bxe2+ 26.Rxe2 Rxe2 27.Kxe2 f6 28.exf6 Bxf6 29.Kd3 a4
30.Ke4 Be7 31.d5 exd5+ 32.Kxd5 a3 33.Kc4 Kf7 34.Kb3 Ke6 35.h4 h5 36.Bc1 Kf5  0-1

[Event "TCh-TUR 2011"]
[Site "Konya TUR"]
[Date "2011.07.02"]
[Round "5"]
[White "Erturan,Y"]
[Black "Odeev,H"]
[Result "1-0"]
[WhiteElo "2346"]
[BlackElo "2405"]

1.d4 Nf6 2.c4 g6 3.Nc3 d5 4.cxd5 Nxd5 5.e4 Nxc3 6.bxc3 Bg7 7.Nf3 c5 8.Be3 Qa5
9.Qd2 O-O 10.Rc1 Rd8 11.d5 e6 12.Be2 exd5 13.exd5 Nc6 14.O-O Bf5 15.Qb2 Ne7
16.Bg5 Qc7 17.Qb3 h6 18.Bh4 Be4 19.c4 Re8 20.Bg3 Qd7 21.Nd2 Nf5 22.Bg4 h5
23.Bh3 Bh6 24.Rcd1 Qd8 25.Nxe4 Rxe4 26.Bxf5 gxf5 27.Qxb7 Re7 28.Qc6 Bg7 29.Bh4 f6
30.Bxf6 Bxf6 31.Qxf6 Qd7 32.d6 Rg7 33.Rfe1 Qb7 34.g3 Rf8 35.Qe6+ Kh7 36.d7 Qc7
37.d8=Q Rxd8 38.Qxf5+  1-0

[Event "Ladislava Kotana Mem"]
[Site "Kosice SVK"]
[Date "2011.07.02"]
[Round "9"]
[White "Jusko,Jozef"]
[Black "Vrabel,Michal"]
[Result "0-1"]
[WhiteElo "1876"]
[BlackElo "1984"]

1.c4 Nf6 2.d4 g6 3.Nc3 d5 4.cxd5 Nxd5 5.e4 Nxc3 6.bxc3 Bg7 7.Ba3 O-O 8.Nf3 Nd7
9.Qb3 c5 10.Rd1 Qc7 11.Be2 a6 12.e5 e6 13.O-O b5 14.Nd2 Bb7 15.Bf3 Bxf3 16.Nxf3 Rfd8
17.Rd2 Rac8 18.Rfd1 Bh6 19.Re2 cxd4 20.cxd4 Nb6 21.Bc5 Nc4 22.a4 Qb7 23.Rb1 Rb8
24.axb5 Qxb5 25.Qxb5 axb5 26.Ra2 Rb7 27.Kf1 Bf8 28.Ra7 Rdb8 29.Rxb7 Rxb7
30.Ke2 Na5 31.Nd2 Nc6 32.Ne4 Bxc5 33.Nxc5 Ra7 34.Ke3 b4 35.Rb3 Ne7 36.Nd3 Nd5+
37.Kf3 Rb7 38.g4 g5 39.Kg3 Ra7 40.Nxb4 Rb7 41.Nxd5 Rxb3+ 42.Ne3 Rd3 43.Kf3 Rxd4
44.Ng2 Kg7 45.h3 Kg6 46.Ke3 Ra4 47.Kf3 Ra5 48.Ke4 Ra3 49.Ne3 Ra4+ 50.Kd3 Rf4
51.Nd1 Rf3+ 52.Ke4 Rxh3 53.Ne3 h5 54.f3 h4 55.Nc4 Rh2 56.f4 gxf4 57.Kxf4 Rf2+
58.Ke3 Rc2 59.Nd6 h3 60.Ne4 h2  0-1

[Event "9th Niki Open"]
[Site "Nachod CZE"]
[Date "2011.07.02"]
[Round "1.32"]
[White "Vagner,P"]
[Black "Postupa,P1"]
[Result "0-1"]
[WhiteElo "1729"]
[BlackElo "2060"]

1.d4 Nf6 2.c4 g6 3.Nc3 d5 4.cxd5 Nxd5 5.e4 Nxc3 6.bxc3 Bg7 7.Bc4 c5 8.Ne2 Nc6
9.Be3 cxd4 10.cxd4 Qa5+ 11.Qd2 Qxd2+ 12.Kxd2 O-O 13.Rhd1 Rd8 14.Kc2 Na5 15.Bd3 Bd7
16.Kb2 Rac8 17.Rac1 Be6 18.Rxc8 Rxc8 19.Rc1 Nc4+ 20.Bxc4 Bxc4 21.Nc3 Rc6
22.d5 Ra6 23.a3 f5 24.exf5 gxf5 25.Rd1 Be5 26.Bc5 Kg7 27.Re1 Bf6 28.Rd1 Bb5
29.Kb3 Bd7 30.Kc4 e6 31.dxe6 Bxe6+ 32.Kb4 Rc6 33.Na4 b6 34.Kb5 Rc7 35.Nxb6 axb6
36.Kxb6 Rc8 37.Bd6 Rc2 38.Bg3 Rc4 39.Kb5 f4  0-1

[Event "39th World Open"]
[Site "Philadelphia USA"]
[Date "2011.07.02"]
[Round "4"]
[White "Prilleltensky,M"]
[Black "Wang Puchen"]
[Result "1/2-1/2"]
[WhiteElo "2100"]
[BlackElo "2437"]

1.d4 Nf6 2.c4 g6 3.Nc3 d5 4.cxd5 Nxd5 5.e4 Nxc3 6.bxc3 Bg7 7.Bc4 c5 8.Ne2 Nc6
9.Be3 O-O 10.O-O Qc7 11.Rc1 Rd8 12.Qd2 a6 13.Bh6 Bh8 14.Qe3 b5 15.Bb3 Na5
16.Bd5 Bb7 17.Bxb7 cxd4 18.cxd4 Qxb7 19.Rfd1 Nc4 20.Qf4 Rac8 21.h4 e5 22.dxe5 Nxe5
23.h5 Rxc1 24.Rxc1 Re8 25.Rd1 Qc8 26.Ng3 Qg4 27.Qxg4 Nxg4 28.Bf4 Be5 29.Bxe5 Nxe5
30.f4 Ng4 31.e5 Rc8 32.Ne4 Kg7 33.g3 Rc4 34.Ng5 Rc3 35.h6+ Nxh6 36.Rd7 Nf5
37.Rxf7+ Kg8 38.Ra7 Nxg3 39.Ra8+ Kg7 40.Ra7+ Kg8 41.e6 Rc8 42.Nxh7 Ne4  1/2-1/2

[Event "1st Crakow Closed GM"]
[Site "Krakow POL"]
[Date "2011.07.03"]
[Round "1.1"]
[White "Fodor,T jr"]
[Black "Kanarek,M"]
[Result "1/2-1/2"]
[WhiteElo "2460"]
[BlackElo "2435"]

1.d4 Nf6 2.c4 g6 3.Nc3 d5 4.cxd5 Nxd5 5.e4 Nxc3 6.bxc3 Bg7 7.Bb5+ c6 8.Ba4 O-O
9.Ne2 e5 10.O-O Qe7 11.Qc2 Re8 12.d5 Rd8 13.c4 b5 14.Bb3 Bb7 15.Nc3 b4 16.Na4 c5
17.Be3 Nd7 18.Rad1 Qd6 19.Nb2 Rf8 20.Ba4 Nb6 21.Nd3 Rac8 22.f4 exf4 23.Bxf4 Qe7
24.e5 Ba6 25.d6 Qe6 26.d7 Nxd7 27.Bxd7 Qxd7 28.Nxb4 Qe6 29.Nd5 Bb7 30.Qb3 Bc6
31.Qe3 Rfd8 32.Bg5 Bxd5 33.Bxd8 Bxc4 34.Rfe1 Bxa2 35.Bg5 Bd5 36.Bh6 a5 37.Bxg7 Kxg7
38.Rf1 Qc6 39.Qc3 Be6 40.Qxa5 c4 41.Qc3 Qb6+ 42.Kh1 Qb3 43.Rc1 Qxc3 44.Rxc3 Rc5
45.Re1 g5 46.Kg1 Kg6 47.Kf2 Rb5 48.Re2 h5 49.Ke1 h4 50.h3 Rb1+ 51.Kd2 Rg1
52.Ke3 Kf5 53.Kf2 Rh1 54.Rf3+ Kg6 55.Rc2 Rb1 56.Rf6+ Kg7 57.Rf3 Rb5 58.Re3 Kg6
59.Ke1 Rb1+ 60.Kd2 Kf5 61.Re2 Kf4 62.Kc3 Rb3+ 63.Kd4 Rd3+ 64.Kc5 Re3 65.Kd4 Rd3+
66.Kc5 Rd5+ 67.Kxc4 Rxe5+ 68.Kd4 Rd5+ 69.Kc3 Rc5+ 70.Kd4 Rd5+ 71.Kc3 Rf5
72.Kd4 Rd5+  1/2-1/2

[Event "5th Varna Open"]
[Site "Golden Sands BUL"]
[Date "2011.07.04"]
[Round "2"]
[White "Subbotsky,M"]
[Black "Georgiev,B"]
[Result "1/2-1/2"]
[WhiteElo "1984"]
[BlackElo "2263"]

1.d4 Nf6 2.c4 g6 3.Nc3 d5 4.cxd5 Nxd5 5.e4 Nxc3 6.bxc3 Bg7 7.Be3 c5 8.Qd2 Qa5
9.Rc1 cxd4 10.cxd4 Qxd2+ 11.Kxd2 O-O 12.Nf3 e6 13.Bd3 Nc6 14.Ke2 Rd8 15.e5 Bd7
16.Rb1 b6 17.Rhc1 f6 18.Be4 Rac8 19.exf6 Bxf6 20.d5 exd5 21.Bxd5+ Kg7 22.Rd1 Bf5
23.Rbc1 Nb4 24.Rxc8 Bxc8 25.Bc4 Rxd1 26.Kxd1 Bb7 27.Ke2 Nd5 28.Bd2 Nc3+ 29.Kd3 Na4
30.Ke3 Nc3 31.Kd3 Bxf3 32.gxf3 Na4 33.Ke4 Nc3+ 34.Bxc3 Bxc3 35.f4 Kf6 36.f3 Be1
37.Bb3 b5 38.Bd5 b4 39.Bc4 a5 40.Bb3 Bf2 41.h3 Bb6 42.Bc2 Bc7 43.Bb3 Ke7
44.f5 g5 45.Kd5 Kf6 46.Bc2 h5 47.Ke4 Bf4 48.Ba4 Bd2 49.Be8 h4 50.Ba4 Ke7
51.Kd5 Bc3 52.Bb5 Bb2 53.Ba4 Bc1 54.Bb5  1/2-1/2

[Event "XXXIV Open"]
[Site "Barbera del Valles ESP"]
[Date "2011.07.05"]
[Round "2"]
[White "Sanchez Ibern,M"]
[Black "Bacallao Alonso,Y"]
[Result "1/2-1/2"]
[WhiteElo "2327"]
[BlackElo "2532"]

1.d4 Nf6 2.c4 g6 3.Nc3 d5 4.cxd5 Nxd5 5.e4 Nxc3 6.bxc3 Bg7 7.Bc4 c5 8.Ne2 O-O
9.O-O Nc6 10.Be3 Bg4 11.f3 Bd7 12.Rb1 Qc7 13.Bd3 Rad8 14.Qd2 Bc8 15.Rfc1 e6
16.Bf4 Qe7 17.Bg5 Bf6 18.Bxf6 Qxf6 19.Bb5 cxd4 20.Bxc6 bxc6 21.cxd4 Ba6 22.Rxc6 Bxe2
23.Qxe2 Qxd4+ 24.Qf2 Qa4 25.Qc2 Qd4+ 26.Qf2 Qd3 27.Qc2 Qe3+ 28.Qf2 Qa3 29.Qb2 Qa5
30.Rc2 Rd6 31.Qb4 Qd8 32.Rf1 Qd7 33.Qa5 Rd1 34.Rf2 Rc8 35.Rxd1 Qxd1+ 36.Rf1 Qd4+
37.Kh1 Rc2 38.Rg1 Kg7 39.h3 Rc4 40.Rb1 Ra4 41.Qg5 h6 42.Qe7 Rxa2 43.Qb4 Qxb4
44.Rxb4 g5 45.Rb7 Kg6 46.Kh2 a5 47.Ra7 a4 48.Kg3 a3 49.Ra6 Ra1 50.h4 gxh4+
51.Kxh4 h5 52.Ra5 a2 53.Kg3 e5 54.Ra8 h4+ 55.Kh2 Kg5 56.Ra7 f6 57.Ra6 f5
58.exf5 Kxf5 59.Ra4 Kf6 60.Ra8 Kg5 61.Ra4 Kf5 62.Ra8 Kf4 63.Ra5 Kf5 64.Ra4 Ke6
65.Ra5 Kd6 66.Ra8 Kc5 67.Ra7 Kc4 68.Ra3 Kd4 69.Ra5 Kc3 70.Ra8 Kc4 71.Ra7 Kd3
72.Ra5 Kd4 73.Ra3 Kc4 74.Ra8 Kc3 75.Ra7 Kc2 76.Ra8 Kb3 77.Rb8+ Kc4 78.Ra8 Kd4
79.Ra3 Kd5 80.Ra5+ Ke6 81.Ra8 Kf5 82.Ra4  1/2-1/2

[Event "1st Crakow Closed GM"]
[Site "Krakow POL"]
[Date "2011.07.05"]
[Round "3.1"]
[White "Andersen,Mad"]
[Black "Kanarek,M"]
[Result "1/2-1/2"]
[WhiteElo "2422"]
[BlackElo "2435"]

1.d4 Nf6 2.c4 g6 3.Nc3 d5 4.cxd5 Nxd5 5.e4 Nxc3 6.bxc3 Bg7 7.Qa4+ Qd7 8.Qb3 b6
9.Nf3 Bb7 10.Bb5 Bc6 11.Bd3 Ba4 12.Qa3 O-O 13.O-O c5 14.Be3 Bb5 15.Bxb5 Qxb5
16.dxc5 Nc6 17.Qb3 Qxb3 18.axb3 bxc5 19.Rfc1 Rab8 20.Nd2 Rfd8 21.Ra6 Rb6
22.Ra2 Rb5 23.Kf1 Rd3 24.c4 Ra5 25.Rxa5 Nxa5 26.Ke2 Rc3 27.Rb1 Bd4 28.Bxd4 cxd4
29.b4 Nxc4 30.Nxc4 Rxc4 31.Kd3 Rc7 32.Kxd4 h5 33.h4 Kf8  1/2-1/2

[Event "9th Niki Open"]
[Site "Nachod CZE"]
[Date "2011.07.05"]
[Round "4.9"]
[White "Nyvlt,O"]
[Black "Kozakov,M"]
[Result "0-1"]
[WhiteElo "1984"]
[BlackElo "2471"]

1.d4 Nf6 2.c4 g6 3.Nc3 d5 4.cxd5 Nxd5 5.e4 Nxc3 6.bxc3 Bg7 7.Be3 O-O 8.Qd2 c5
9.Rb1 Nd7 10.Nf3 Nf6 11.Bd3 cxd4 12.cxd4 Ng4 13.Bg5 Bxd4 14.Nxd4 Qxd4 15.Bxe7 Nxf2
16.Qxf2 Qxd3 17.Rb4 Re8 18.Qh4 Qe3+ 19.Kd1 Be6 20.Bg5 Qd3+ 21.Ke1 Bc4  0-1

[Event "1st ch-CHN Rapid KO"]
[Site "Hefei CHN"]
[Date "2011.07.06"]
[Round "1.1"]
[White "Ding Liren"]
[Black "Li Chao2"]
[Result "1-0"]
[WhiteElo "2654"]
[BlackElo "2669"]

1.d4 Nf6 2.c4 g6 3.Nc3 d5 4.cxd5 Nxd5 5.e4 Nxc3 6.bxc3 Bg7 7.Be3 c5 8.Nf3 Bg4
9.Rc1 Bxf3 10.gxf3 O-O 11.d5 Qa5 12.Bd3 Bxc3+ 13.Kf1 Nd7 14.Qe2 Rfc8 15.Kg2 c4
16.Bxc4 Qb4 17.Bd3 Qd6 18.f4 Bg7 19.Bc4 Qb4 20.e5 Nb6 21.Bb3 Qe4+ 22.Qf3 Qf5
23.Rhd1 g5 24.Rxc8+ Rxc8 25.d6 exd6 26.exd6 gxf4 27.Qxf4 Qxf4 28.Bxf4 Nd7
29.Re1 Bf6 30.Re3 Rc3 31.Rxc3 Bxc3 32.Bd5 Nc5 33.Be3 b6 34.Bg5 Kg7 35.Be7 f5
36.Kf3 Be5 37.h4 h5 38.Ke3 f4+ 39.Ke2 Kg6 40.Bf3 Bd4 41.Bc6 Kf7 42.Bg5 Ke6
43.Bxf4 Bf6 44.Bg3 Kf5 45.Kf3 Ke6 46.Be8 Nb7 47.Bxh5 Nxd6 48.Bg4+ Ke7 49.h5 Nf7
50.Ke4 b5 51.Kd5 b4 52.Be6 a5 53.Bxf7 Kxf7 54.Kc4 Bd8 55.Be5 Ke6 56.f4 Kf5
57.Kb5 Be7 58.Kxa5 Bf8 59.Kb5 Kg4 60.h6 Bxh6 61.Kxb4 Kf5 62.Kb5 Ke6 63.a4 Kd5
64.a5 Bf8 65.Kb6 Bc5+ 66.Kb7  1-0

[Event "TCh-TUR 2nd League 2011"]
[Site "Konya TUR"]
[Date "2011.07.06"]
[Round "3"]
[White "Caliskan,K"]
[Black "Savran,S"]
[Result "1-0"]
[WhiteElo "1752"]
[BlackElo "1874"]

1.d4 Nf6 2.c4 g6 3.Nc3 d5 4.cxd5 Nxd5 5.e4 Nxc3 6.bxc3 Bg7 7.Bc4 c5 8.Ne2 O-O
9.O-O Nc6 10.Be3 Bg4 11.f3 Na5 12.Bd3 Bd7 13.Qd2 b5 14.Rab1 a6 15.Bh6 Qb6
16.Bxg7 Kxg7 17.Kh1 c4 18.Bc2 Rfe8 19.f4 e6 20.f5 exf5 21.exf5 Qd6 22.f6+ Kh8
23.Nf4 Qf8 24.Nd5 Ra7 25.Qf2 Qh6 26.Ne7 Raa8 27.Rbe1 Rab8 28.Re4 Qf8 29.Rh4 Rxe7
30.fxe7 Qxe7 31.Re4 Qf8 32.Qxf7 Qxf7 33.Rxf7 Bf5 34.Re2 Bxc2 35.Rxc2 Rb7
36.Rxb7 Nxb7 37.Re2 Nd6 38.Re6 Nf5 39.Rxa6 b4 40.cxb4 Nxd4 41.Ra8+  1-0

[Event "Krapina Open"]
[Site "Krapina CRO"]
[Date "2011.07.06"]
[Round "4.2"]
[White "Takac,Z"]
[Black "Hamer,I"]
[Result "1-0"]
[WhiteElo "2059"]
[BlackElo "2099"]

1.d4 Nf6 2.c4 g6 3.Nc3 d5 4.cxd5 Nxd5 5.e4 Nxc3 6.bxc3 Bg7 7.Bc4 c5 8.Ne2 O-O
9.O-O Qc7 10.Bf4 e5 11.dxe5 Bxe5 12.Bxe5 Qxe5 13.Qd5 Nc6 14.Rab1 Rb8 15.f4 Qe7
16.Qd3 Be6 17.Bd5 Bxd5 18.exd5 Rbd8 19.Ng3 Rfe8 20.Rb2 Qd7 21.Rd2 f5 22.Qb5 b6
23.Rfd1 Na5 24.Qd3 Qa4 25.Rf2 Nc4 26.Re2 Rxe2 27.Qxe2 Re8 28.Qf3 Re3 29.Qf1 Nd6
30.Re1 Rxc3 31.Re6 Qd4+ 32.Qf2 Rc1+ 33.Nf1 Qxd5 34.Qe3 Rd1 35.Re7 Qc4 36.Qf3 Qd4+
37.Kh1 Ne4 38.g4 Rd3 39.Qe2 Ra3 40.gxf5 gxf5 41.Re8+ Kg7 42.Qg2+ Kf7 43.Qg8+ Kf6
44.Re6+  1-0

[Event "Lev Polugaevsky Mem"]
[Site "Samara RUS"]
[Date "2011.07.06"]
[Round "2"]
[White "Iliushkin,E"]
[Black "Gabrielian,A"]
[Result "0-1"]
[WhiteElo "2281"]
[BlackElo "2539"]

1.d4 Nf6 2.c4 g6 3.Nc3 d5 4.cxd5 Nxd5 5.e4 Nxc3 6.bxc3 Bg7 7.Be3 c5 8.Qd2 Qa5
9.Rc1 O-O 10.d5 e6 11.c4 Qxd2+ 12.Kxd2 b6 13.Bd3 exd5 14.exd5 Nd7 15.Nf3 Bb7
16.Rhe1 b5 17.cxb5 Bxd5 18.Bc4 Bxc4 19.Rxc4 Rfb8 20.Rb1 a6 21.a4 Nb6  0-1

[Event "Asian Zonal 3.1 Men"]
[Site "Sharjah UAE"]
[Date "2011.07.06"]
[Round "2"]
[White "Khader,Sam"]
[Black "Darini,P"]
[Result "1/2-1/2"]
[WhiteElo "2402"]
[BlackElo "2462"]

1.d4 Nf6 2.c4 g6 3.Nc3 d5 4.cxd5 Nxd5 5.e4 Nxc3 6.bxc3 Bg7 7.Bc4 c5 8.Ne2 O-O
9.O-O Nc6 10.Be3 Na5 11.Bd3 e5 12.Qd2 cxd4 13.cxd4 exd4 14.Bh6 Nc6 15.Bxg7 Kxg7
16.Bb5 Qa5 17.Qxa5 Nxa5 18.Nxd4 a6 19.Be2 Rd8 20.Rfd1 Bd7 21.Rd3 Ba4 22.Rc1 Rac8
23.Rxc8 Rxc8 24.f4 Rc1+ 25.Kf2 Nc4 26.e5 Nb2 27.Rd2 Nc4 28.Bxc4 Rxc4 29.Ke3 Bd7
30.g3 Ra4 31.Rc2 Bh3 32.Rc7 Ra3+ 33.Kd2 Rxa2+ 34.Kc3 Ra3+ 35.Kc2 Ra4 36.Kc3 Ra3+
37.Kc2 Kg8 38.Rxb7 Ra2+ 39.Kc3 Rxh2 40.Rb8+ Kg7 41.Rb7 Kf8 42.Rb8+ Kg7 43.Rb7 Kf8
44.Rb8+ Kg7  1/2-1/2

[Event "XXXIV Open"]
[Site "Barbera del Valles ESP"]
[Date "2011.07.07"]
[Round "4"]
[White "Arizmendi Martinez,J"]
[Black "Asis Gargatagli,H"]
[Result "1/2-1/2"]
[WhiteElo "2555"]
[BlackElo "2431"]

1.d4 Nf6 2.c4 g6 3.Nc3 d5 4.cxd5 Nxd5 5.e4 Nxc3 6.bxc3 Bg7 7.Bc4 c5 8.Ne2 Nc6
9.Be3 O-O 10.O-O Bd7 11.Rb1 Qc7 12.Bd3 a6 13.Qd2 b5 14.Bh6 Bxh6 15.Qxh6 cxd4
16.cxd4 Qa7 17.Qe3 Bg4 18.Rfc1 Bxe2 19.Rxc6 Bxd3 20.Qxd3 Rad8 21.d5 f5 22.e5 Qd7
23.Rc5 f4 24.f3 Rf5 25.Qd4 Qe6 26.Re1 Qb6 27.Kf1 Kg7 28.d6 Kh6 29.Rd5 Qxd4
30.Rxd4 exd6 31.exd6 Rf6 32.d7 Rf7 33.Red1 Re7 34.Rd6 a5 35.R1d4 b4 36.h4 Kg7
37.Kg1 Re2 38.Rc6 Kf7 39.h5 gxh5 40.Rh6 Rxa2 41.Rxh7+ Ke6 42.Rh6+ Ke7 43.Rh7+ Ke6
44.Rh6+ Ke5 45.Re4+ Kd5 46.Rxh5+ Kc6 47.Rc4+ Kb6 48.Rd5 Ra1+ 49.Kf2 Ra2+
50.Kg1 Ra1+ 51.Kf2 Ra2+  1/2-1/2

[Event "XXXIV Open"]
[Site "Barbera del Valles ESP"]
[Date "2011.07.07"]
[Round "4"]
[White "Gonzalez Garcia,J2"]
[Black "Codenotti,M"]
[Result "1-0"]
[WhiteElo "2522"]
[BlackElo "2323"]

1.d4 Nf6 2.c4 g6 3.Nc3 d5 4.cxd5 Nxd5 5.e4 Nxc3 6.bxc3 Bg7 7.Nf3 c5 8.Be3 Qa5
9.Qd2 Nc6 10.Rb1 a6 11.Rc1 Bg4 12.d5 Rd8 13.Be2 O-O 14.c4 Qxd2+ 15.Nxd2 Bxe2
16.Kxe2 Nd4+ 17.Bxd4 Bxd4 18.Nb3 e5 19.Nxd4 cxd4 20.Kd3 f5 21.f3 fxe4+ 22.Kxe4 b5
23.g3 g5 24.c5  1-0

[Event "TCh-TUR 2nd League 2011"]
[Site "Konya TUR"]
[Date "2011.07.07"]
[Round "5"]
[White "Melkumyan,H"]
[Black "Volokitin,And"]
[Result "1/2-1/2"]
[WhiteElo "2600"]
[BlackElo "2683"]

1.d4 Nf6 2.c4 g6 3.Nc3 d5 4.cxd5 Nxd5 5.e4 Nxc3 6.bxc3 Bg7 7.Bc4 c5 8.Ne2 Nc6
9.Be3 O-O 10.O-O Na5 11.Bd3 b6 12.Qd2 Bb7 13.Bh6 e6 14.Rac1 Rc8 15.Bxg7 Kxg7
16.Qf4 Nc6 17.Rfd1 cxd4 18.cxd4 Qf6 19.Qe3 Rfd8 20.Bc4 b5 21.Bxb5 Nxd4 22.Nxd4 Rxd4
23.f3 e5 24.Bf1 Qb6 25.Re1 Rxc1 26.Rxc1 Ba6 27.h4 h5 28.Kh2 Bxf1 29.Rxf1 Qf6
30.Qg5 Qf4+ 31.Qxf4 exf4 32.Rc1 Ra4 33.Rc2 Ra3 34.e5 Kf8 35.Rc4 Rxa2 36.Rxf4 Ra5
37.e6 f5 38.Rc4 Ke7 39.Rc6 Ra4 40.Kg3 a5 41.f4 Re4  1/2-1/2

[Event "10th La Fere Open"]
[Site "La Fere FRA"]
[Date "2011.07.07"]
[Round "7.4"]
[White "Peric,Sl"]
[Black "Jerez Perez,A"]
[Result "0-1"]
[WhiteElo "2258"]
[BlackElo "2416"]

1.d4 Nf6 2.c4 g6 3.Nc3 d5 4.cxd5 Nxd5 5.e4 Nxc3 6.bxc3 Bg7 7.Qa4+ Nd7 8.Qa3 O-O
9.Nf3 c5 10.h3 b6 11.e5 Bb7 12.Be2 b5 13.Bxb5 Bxf3 14.gxf3 cxd4 15.cxd4 Nb6
16.Be3 f6 17.f4 Kh8 18.O-O Qc8 19.Qxe7 Qxh3 20.Bc6 Qg4+ 21.Bg2 Nd5 22.Qb7 Rad8
23.Rae1 Bh6 24.e6 Rde8 25.f5 gxf5 26.f3 Bxe3+ 27.Rxe3 Qxd4  0-1

[Event "Karvina Open"]
[Site "Karvina CZE"]
[Date "2011.07.08"]
[Round "7"]
[White "Dmitrenko,V"]
[Black "Plat,V"]
[Result "1/2-1/2"]
[WhiteElo "2353"]
[BlackElo "2410"]

1.d4 Nf6 2.c4 g6 3.Nc3 d5 4.cxd5 Nxd5 5.e4 Nxc3 6.bxc3 Bg7 7.Bc4 c5 8.Ne2 Nc6
9.Be3 O-O 10.O-O Qc7 11.Rc1 Rd8 12.Bd3 e6 13.Qa4 Bd7 14.Qa3 b6 15.f4 Bf8
16.Qb2 Bc8 17.Rcd1 cxd4 18.cxd4 Qe7  1/2-1/2

[Event "9th Niki Open"]
[Site "Nachod CZE"]
[Date "2011.07.08"]
[Round "7.23"]
[White "Kolibik,J"]
[Black "Pukl,R"]
[Result "0-1"]
[WhiteElo "1646"]
[BlackElo "1979"]

1.d4 Nf6 2.c4 g6 3.Nc3 d5 4.cxd5 Nxd5 5.e4 Nxc3 6.bxc3 Bg7 7.Bc4 c5 8.Ne2 Qa5
9.O-O O-O 10.Rb1 cxd4 11.cxd4 Nc6 12.Be3 Qc7 13.Bf4 Qd8 14.Be3 Na5 15.Bd3 b6
16.d5 e6 17.Nf4 e5 18.Ne2 f5 19.f3 Nb7 20.Qd2 f4 21.Bf2 Qg5 22.g4 Qd8 23.Ba6 h5
24.h3 hxg4 25.fxg4 Bf6 26.Kg2 f3+ 27.Kh2 fxe2 28.Bxe2 Bg5 29.Be3 Bxe3 30.Qxe3 Nc5
31.Qh6 Rf6 32.Rxf6 Qxf6 33.Rf1 Qg7 34.Qe3 Bd7 35.d6 Rf8 36.Bc4+ Be6 37.Bxe6+ Nxe6
38.Rc1 Qf6 39.Kg3 Nc5 40.Rxc5 bxc5 41.Qb3+ Kh7 42.d7 Qf2+  0-1

[Event "XXXIV Open"]
[Site "Barbera del Valles ESP"]
[Date "2011.07.09"]
[Round "6"]
[White "Castro Exposito,C"]
[Black "Subirats Ruiz,S"]
[Result "1-0"]
[WhiteElo "2084"]
[BlackElo "2179"]

1.d4 Nf6 2.c4 g6 3.Nc3 d5 4.cxd5 Nxd5 5.e4 Nxc3 6.bxc3 Bg7 7.Bc4 c5 8.Be3 O-O
9.Ne2 Nc6 10.O-O Qc7 11.Rc1 Rd8 12.Qd2 Qa5 13.Rfd1 Ne5 14.Bd5 Ng4 15.Bg5 Nf6
16.Bxf6 Bxf6 17.Qf4 Rf8 18.h4 Bg7 19.Ng3 e6 20.Bb3 e5 21.Qg5 Qc7 22.dxc5 Be6
23.h5 Bxb3 24.axb3 Qxc5 25.Rd7 Qc6 26.Rcd1 Qf6 27.Qxf6 Bxf6 28.Rxb7 Rfc8
29.c4 Rab8 30.Rdd7 Rxb7 31.Rxb7 a5 32.Rb6 Bd8 33.Rb5 f6 34.hxg6 hxg6 35.Ne2 Kf7
36.Nc3 Ke6 37.Kf1 f5 38.Ke2 fxe4 39.Nxe4 a4 40.Nc5+ Rxc5 41.Rxc5 a3 42.Rc8  1-0

[Event "5th Varna Open"]
[Site "Golden Sands BUL"]
[Date "2011.07.09"]
[Round "8"]
[White "Spassov,L"]
[Black "Sofranov,V"]
[Result "1/2-1/2"]
[WhiteElo "2379"]
[BlackElo "2053"]

1.d4 Nf6 2.c4 g6 3.Nc3 d5 4.cxd5 Nxd5 5.e4 Nxc3 6.bxc3 Bg7 7.Bg5 c5 8.Rc1 Qa5
9.Qd2 cxd4 10.cxd4 Nc6 11.d5 Qxd2+ 12.Kxd2 Na5 13.Bd3 e6 14.Rc5 Bf8 15.Rc7 Bb4+
16.Ke3 O-O 17.Be7 Bxe7 18.Rxe7 exd5 19.exd5 Rd8 20.Be4 Nc4+ 21.Kf4 Nd6 22.Ne2 Kf8
23.Rc7 Re8 24.Bf3 Bf5  1/2-1/2

[Event "Oberwart Open"]
[Site "Oberwart AUT"]
[Date "2011.07.09"]
[Round "1.27"]
[White "Korn,An"]
[Black "Schreiner,Pe"]
[Result "0-1"]
[WhiteElo "2024"]
[BlackElo "2326"]

1.d4 Nf6 2.c4 g6 3.Nc3 d5 4.cxd5 Nxd5 5.e4 Nxc3 6.bxc3 Bg7 7.Be3 c5 8.Qd2 O-O
9.Nf3 Bg4 10.Be2 cxd4 11.cxd4 Nc6 12.Rd1 Bxf3 13.Bxf3 e5 14.dxe5 Nxe5 15.Be2 Qh4
16.Qb4 a5 17.Qa4 b5 18.Qxb5 Rab8 19.Qxa5 Rb2 20.Rd2 Rb1+ 21.Rd1 Rb2 22.Rd2 Rb1+
23.Rd1 Rxd1+ 24.Bxd1 Nc4 25.Qg5 Bc3+ 26.Ke2 Qxe4 27.Bb3 Nd2 28.f3 Qe8 29.Kf2 Nxb3
30.axb3 Qa8 31.Rd1 Qa2+ 32.Kg1 Qxb3 33.Qd5 Qa4 34.Qd7 Qa8 35.Qd5 Qa4 36.Qd7 Qa5
37.Qd5 Qa6 38.Bd4 Bxd4+ 39.Qxd4 h5 40.Qd3 Qe6 41.Kf2 Qe5 42.g3 Re8 43.Qd2 Rb8
44.Re1 Qf6 45.Re2 Rb3 46.Qd5 Rc3 47.Qe4 Kh7 48.Kg2 Rc1 49.Re1 Qb2+ 50.Re2 Qa1
51.Qe3 Rf1 52.f4 Rh1 53.Qf2 Qa8+ 54.Kh3 Qc8+ 55.Kg2 Qc6+ 56.Kh3 Qd7+ 57.Kg2 Qd5+
58.Kh3 Qf5+ 59.Kg2 Qd5+ 60.Kh3 Qd7+ 61.Kg2 Qc6+ 62.Kh3 Rd1 63.Rd2 Qe6+ 64.Kg2 Qe4+
65.Kh3 Re1 66.Qd4 Qe6+ 67.Kg2 h4 68.gxh4 Qg4+ 69.Kf2 Qxh4+ 70.Kg2 Qg4+ 71.Kf2 Qg1+
72.Kf3 Qf1+ 73.Qf2 Qh3+ 74.Qg3 Qh5+ 75.Kf2 Re4 76.Kg2 Rc4 77.Rf2 Kg7 78.h3 Qf5
79.Qg4 Qe4+ 80.Qf3 Qf5 81.Qg4 Qd5+ 82.Qf3 Qc5 83.f5 Rc3 84.f6+ Kh6 85.Qf4+ Qg5+
86.Kh2 Qxf4+ 87.Rxf4 Kg5 88.Rf2 Kh4 89.Rf4+ Kg5 90.Rf2 Rc6 91.Kg3 Rc3+ 92.Kg2 Rc5
93.Kg3 Rf5 94.Rc2 Kxf6 95.Rc8 Rg5+ 96.Kf4 Ra5 97.Rb8 Ra4+ 98.Kf3 Kg5 99.Kg3 f5
100.Rg8 Ra3+ 101.Kg2 Ra2+ 102.Kf3 Ra3+ 103.Kg2 f4 104.Rf8 Re3 105.Rf7 Re5
106.Kf3 Re3+ 107.Kg2 Rg3+ 108.Kh2 Rd3 109.Kg2 Rd2+ 110.Kf3 Rh2 111.Rh7 Kf5
112.Rh8 g5 113.Rf8+ Kg6 114.Rg8+ Kf6 115.Rh8 Rb2 116.h4 Rb3+ 117.Ke4 Re3+
118.Kd4 gxh4 119.Rxh4 Kg5 120.Rh8 Kg4 121.Rf8 Kg3 122.Rg8+ Kf2 123.Rf8 f3
124.Rf7 Ke2 125.Rf8 f2 126.Rf7 Rf3 127.Re7+ Kd2  0-1

[Event "XXVI Tadeusza Gniota"]
[Site "Police POL"]
[Date "2011.07.09"]
[Round "6.5"]
[White "Kalinitschew,S"]
[Black "Urban,K"]
[Result "1/2-1/2"]
[WhiteElo "2431"]
[BlackElo "2456"]

1.d4 Nf6 2.c4 g6 3.Nc3 d5 4.cxd5 Nxd5 5.e4 Nxc3 6.bxc3 Bg7 7.Nf3 c5 8.Bb5+ Nc6
9.O-O cxd4 10.cxd4 O-O 11.Be3 Bg4 12.Bxc6 bxc6 13.Rc1 Qa5 14.Qd2 Qxd2 15.Nxd2 Rfd8
16.Nb3 a5 17.Rxc6 a4 18.Nc5 Be2 19.Re1 Bxd4 20.Nb7 Rd7 21.Nc5 Bxc5 22.Bxc5 Bb5
23.Rb6 Bc4 24.a3 Rc8 25.Bb4 Bb3 26.h4 h5 27.Kh2 Kf8 28.Re3 Ke8 29.Kg3 Rdc7
30.Ra6 Rc6 31.Ra5 Rd8 32.f3 Rc2 33.Rc3 Rxc3 34.Bxc3 Rc8 35.Bb4 Rc7 36.Kf4 f6
37.e5 Kf7 38.Bc5 Rd7 39.exf6 exf6 40.Ra6 g5+ 41.hxg5 fxg5+ 42.Ke3 Rc7 43.Kd4 h4
44.Ra5 Rd7+ 45.Ke3 Rd5 46.Ra7+ Kg6 47.Bd4 Rf5 48.Ra6+ Kf7 49.Rb6 Bd5 50.Rh6 Ke7
51.Rh7+ Ke6 52.Bb6 Rf7 53.Rh6+ Rf6 54.Rh5 Rg6 55.Bd8 Kf5 56.Rh8 Rg8 57.Rxg8  1/2-1/2

[Event "Naantalin Open"]
[Site "Naantali FIN"]
[Date "2011.07.10"]
[Round "9"]
[White "Tuominen,R"]
[Black "Sipila,V"]
[Result "0-1"]
[WhiteElo "2293"]
[BlackElo "2289"]

1.d4 Nf6 2.c4 g6 3.Nc3 d5 4.cxd5 Nxd5 5.e4 Nxc3 6.bxc3 Bg7 7.Bc4 c5 8.Ne2 Nc6
9.Be3 O-O 10.O-O Qc7 11.Rc1 b6 12.Qd2 Bb7 13.Bh6 Rad8 14.Bxg7 Kxg7 15.Qe3 e5
16.d5 Na5 17.Bd3 c4 18.Bc2 Bc8 19.f4 f6 20.Rf2 Nb7 21.Rcf1 Qe7 22.Ng3 Nd6
23.h4 Rde8 24.h5 exf4 25.Rxf4 g5 26.R4f2 Qe5 27.Qf3 Re7 28.h6+ Kg8 29.Nh5 Ref7
30.Nxf6+ Rxf6 31.Qxf6 Rxf6 32.Rxf6 Nf5 33.R6xf5 Bxf5 34.Rxf5 Qxc3 35.Rxg5+ Kf8
36.Rf5+ Ke7 37.Rf2 Qe1+ 38.Rf1 Qe3+ 39.Rf2 b5 40.g4 b4 41.Kg2 b3 42.axb3 cxb3
43.Bb1 a5 44.Rf3 Qe2+ 45.Rf2 Qxg4+ 46.Kh2 Qh4+ 47.Kg2 Qxh6 48.e5 Qg5+ 49.Kf3 Qh5+
50.Ke4 Qh1+ 51.Kd4 Qg1 52.d6+ Kd8  0-1

[Event "Oberwart Open"]
[Site "Oberwart AUT"]
[Date "2011.07.11"]
[Round "3"]
[White "Huber,Mart AUT"]
[Black "Sandhoefner,F"]
[Result "0-1"]
[WhiteElo "2096"]
[BlackElo "2270"]

1.d4 Nf6 2.c4 g6 3.Nc3 d5 4.cxd5 Nxd5 5.e4 Nxc3 6.bxc3 Bg7 7.Be3 c5 8.Qd2 Qa5
9.Rb1 cxd4 10.cxd4 Qxd2+ 11.Kxd2 O-O 12.Nf3 Rd8 13.Bd3 e6 14.Rhc1 Nc6 15.Rc4 Na5
16.Rc7 Rd7 17.Rc2 b6 18.Ke2 Bb7 19.Bd2 Nc6 20.Bb5 Nxd4+ 21.Nxd4 Rxd4 22.f3 a6
23.Bd3 b5 24.Rc7 Rad8 25.Rxb7 Rxd3 26.Ba5 R3d7 27.Rxd7 Rxd7 28.Rc1 Be5 29.g3 Kg7
30.Rc6 Rd6 31.Rc8 Bf6 32.Bb4 Rd8 33.Rc6 Rd4 34.a3 Rc4 35.Rxc4 bxc4 36.Bc5 Bc3
37.Ke3 e5 38.f4 Kf6 39.Bb6 Ke6 40.Bc5 Kd7 41.fxe5 Bxe5 42.Bd4 Ke6 43.Bc5 Kf6
44.Kf3 c3 45.Be3 h5 46.Bc1 h4 47.Be3 hxg3 48.hxg3 Ke6 49.g4 Bd6 50.Bc1 g5  0-1